000 00358nam a22001457a 4500
003 OSt
005 20160727222446.0
008 160704b xxu||||| |||| 00| 0 eng d
040 _cTEST
100 _91945
_a Moore, B.B
245 _aThe Triplets in Business
260 _aMich
_b W.M.B.Eerdmans
_c1939
300 _aThe Triplets in Business
942 _2ddc
_cBK
999 _c1646
_d1646